A gun for sale : (Record no. 82621)
[ view plain ]
| 000 -LEADER | |
|---|---|
| fixed length control field | 00647nam a2200229 a 4500 |
| 001 - CONTROL NUMBER | |
| control field | 82621 |
| 003 - CONTROL NUMBER IDENTIFIER | |
| rucl marc code | BD-RjUL |
| 005 - DATE AND TIME OF LATEST TRANSACTION | |
| control field | 20240115152120.0 |
| 008 - FIXED-LENGTH DATA ELEMENTS--GENERAL INFORMATION | |
| fixed length control field | 240115s19551947enk||||| |||| 00| 0 eng d |
| 035 ## - SYSTEM CONTROL NUMBER | |
| System control number | (BD-RjUL)82621 |
| 040 ## - CATALOGING SOURCE | |
| Original cataloging agency | BD-RjUL |
| Language of cataloging | eng |
| Transcribing agency | BD-RjUL |
| 041 ## - LANGUAGE CODE | |
| Language code of text/sound track or separate title | eng |
| 082 ## - DEWEY DECIMAL CLASSIFICATION NUMBER | |
| Edition number | 23 |
| Classification number | 823.912 |
| Author mark and year | GRG 1955 |
| 100 ## - MAIN ENTRY--PERSONAL NAME | |
| Personal name | Greene, Graham |
| 9 (RLIN) | 10836 |
| 245 ## - TITLE STATEMENT | |
| Title | A gun for sale : |
| Remainder of title | an entertainment / |
| Statement of responsibility, etc. | Graham Greene |
| 250 ## - EDITION STATEMENT | |
| Edition statement | Uniform ed. |
| 260 ## - PUBLICATION, DISTRIBUTION, ETC. (IMPRINT) | |
| Place of publication, distribution, etc. | London : |
| Name of publisher, distributor, etc. | William Heinemann Ltd., |
| Date of publication, distribution, etc. | 1947, [reprinted 1955] |
| 300 ## - PHYSICAL DESCRIPTION | |
| Pagination | 242 p.; |
| Size | 17 cm. |
| 650 ## - SUBJECT ADDED ENTRY--TOPICAL TERM | |
| Topical term or geographic name as entry element | Murder for hire |
| 9 (RLIN) | 10843 |
| Topical term or geographic name as entry element | Suspense fiction |
| 9 (RLIN) | 10844 |
| 942 ## - ADDED ENTRY ELEMENTS (KOHA) | |
| Source of classification or shelving scheme | Dewey Decimal Classification |
| Koha item type | Books |
| Lost status | Source of classification or shelving scheme | Damaged status | Not for loan | Collection code | Permanent Location | Current Location | Shelving location | Date acquired | Total Checkouts | Full call number | Date last seen | Copy number | Koha item type |
|---|---|---|---|---|---|---|---|---|---|---|---|---|---|
| Dewey Decimal Classification | Not For Loan | Fiction | Central Library, University of Rajshahi | Central Library, University of Rajshahi | Reading Room | 15/01/2024 | 823.912 GRG 1955 | 15/01/2024 | C-1 | Books |